| 000 | 00613nam a22002057a 4500 | ||
|---|---|---|---|
| 008 | 150521b xxu||||| |||| 00| 0 eng d | ||
| 020 | _a9780030968013 | ||
| 041 | 0 | _aeng | |
| 080 | _a54 | ||
| 100 | 1 | _aOxtoby, David W. | |
| 245 | 1 | 0 |
_aChemistry : _cDavid W. Oxtoby, Norman H. Nachtrieb, Wade A. Freeman. |
| 250 | _a2nd ed. | ||
| 260 |
_aPhiladelphia : _bSaunders College Pub., _cc1994. |
||
| 300 |
_a1001, 65, 32 f. : _bme il. ; _c27 cm. |
||
| 490 | 1 | _aSaunders golden sunburst series | |
| 650 | 0 | _aKimi | |
| 700 | 1 | _aNachtrieb, Norman H. | |
| 700 | 1 | _aFreeman, Wade A. | |
| 942 |
_2udc _cBK |
||
| 999 |
_c879 _d879 |
||